000 01552cad a22002655a 4500
001 E148060
008 090720s2009 xxk f f000 0 eng d
020 _a9781409814436
035 _a(Sirsi) u148060
041 0 _aeng
050 0 4 _a306.1 $2 18
110 2 _aUnited Kingdom
_bDepartment for Communities and Local Government
_94939
245 0 0 _aDirections to the Tenant Services Authority
_bconsultation paper
_h[electronic resource]
260 _aLondon
_bDCLG
_c2009
505 2 _aForeword -- Scope of the consultation -- Basic information -- The consultation criteria -- Background -- Context -- Policy background -- Legal structure -- Coverage of the directions -- Timetable -- The proposed directions -- General principles -- Direction on rent levels -- Direction on quality of accommodation -- Direction on tenant involvement
520 _aSeeks views on the draft directions proposed to be given by the Secretary of State for Communities and Local Government to the social housing regulator under the Housing and Regeneration Act 2008 S197. The final directions will be published in October 2009.
520 _aDeadline for comments is 9 October 2009.
521 _aAdvanced
590 _aKA NTK
650 2 4 _aHOUSING AND REGENERATION ACT 2008 S197
651 4 _aGreat Britain
_y1707-
690 _aPROPERTY-RESIDENTIAL PROPERTY-DOMESTIC RESIDENTIAL PROPERTY-HOUSING
856 4 0 _uhttps://www.communities.gov.uk/publications/housing/tsadirections
_zView the consultation free of charge at www.communities.gov.uk...
942 _n0
999 _c109862
_d109862